00702 2200229 4500001002100000005001700021008004100038020002200079035002400101040001200125082000800137084001800145100002900163245010800192260002700300300003400327500003100361650002100392700002500413850001200438990002200450INLIS00000000002596520170303084535.0  a978-979-29-5363-3 0010-031700000000075 aYOPDYOG a368 aDEP 368 Wal A aWALDI NAPRIANSYAH, 1986- aAsuransi Syariahb: Berkah terakhir yang tak terdugac/ Waldi Napriansyah ; editor, Fl. Sigit Suyantoro aYogyakartabAndic2016 ax, 173 hlm.b: ilus.c; 23 cm aBibliografi : hlm. 169-173 aAsuransi Syariah aSigit Suyantoro, Fl. aYOPDYOG aCB-D.11/2016-1550